[Event "CAN-op"]
[Site "Toronto CAN"]
[Date "2010.07.18"]
[Round "9"]
[White "Rehmeier, Thomas"]
[Black "Rogers, Michael"]
[Result "0-1"]
[WhiteElo "1795"]
[BlackElo "1576"]
[PlyCount "66"]
[EventDate "2010.07.10"]
[EventType "swiss"]
[EventRounds "9"]
[EventCountry "CAN"]

1. c4 f5 2. e4 fxe4 3. Nc3 Nf6 4. g4 h6 5. h3 c6 6. d3 d5 7. dxe4 d4 8. Nce2 e5
9. Ng3 Be6 10. Nf3 Be7 11. Bd2 Nbd7 12. g5 Ng8 13. Nh5 Bf8 14. Nh4 hxg5 15. Ng6
Rh6 16. Nxf8 Nxf8 17. Nxg7+ Kf7 18. Nxe6 Nxe6 19. Qb3 Rb8 20. Qg3 Nf4 21. Rg1
Rg6 22. c5 Nf6 23. Bc4+ Kg7 24. Bxf4 exf4 25. Qd3 Qa5+ 26. Ke2 Qxc5 27. Rad1
Rd8 28. a3 Qe7 29. f3 Nh5 30. Rg4 Ng3+ 31. Kf2 c5 32. h4 gxh4 33. Rxf4 Rf8 0-1

[Event "CAN-op"]
[Site "Toronto CAN"]
[Date "2010.07.18"]
[Round "9"]
[White "Sly, Douglas"]
[Black "Peng, Jackie"]
[Result "0-1"]
[WhiteElo "1628"]
[BlackElo "1800"]
[PlyCount "48"]
[EventDate "2010.07.10"]
[EventType "swiss"]
[EventRounds "9"]
[EventCountry "CAN"]

1. e4 c5 2. c3 Nf6 3. e5 Nd5 4. Bc4 Nb6 5. Bb3 Nc6 6. d4 cxd4 7. cxd4 d6 8. e6
fxe6 9. Nf3 g6 10. O-O Bg7 11. Re1 O-O 12. Bxe6+ Bxe6 13. Rxe6 Qd7 14. d5 Nb4
15. Re2 N4xd5 16. a4 Nf4 17. Re4 Nbd5 18. Ra3 Kh8 19. Kf1 Rac8 20. Bd2 Bxb2 21.
Rb3 Bg7 22. Be1 Qg4 23. Rxf4 Nxf4 24. Nh4 Qxd1 0-1

[Event "CAN-op"]
[Site "Toronto CAN"]
[Date "2010.07.18"]
[Round "9"]
[White "Sohal, Tanraj"]
[Black "Martchenko, Alexander"]
[Result "0-1"]
[WhiteElo "2094"]
[BlackElo "2382"]
[PlyCount "166"]
[EventDate "2010.07.10"]
[EventType "swiss"]
[EventRounds "9"]
[EventCountry "CAN"]

1. d4 Nf6 2. c4 e6 3. Nf3 c5 4. e3 cxd4 5. Nxd4 Nc6 6. Be2 a6 7. O-O Be7 8. b3
O-O 9. Bb2 Qc7 10. Nd2 d6 11. N2f3 Rd8 12. Rc1 Bd7 13. Nxc6 bxc6 14. Qc2 c5 15.
Bd3 h6 16. Nd2 Bc6 17. Ne4 Ne8 18. Nc3 Qb7 19. e4 Nc7 20. f3 a5 21. a4 Bg5 22.
Rce1 e5 23. Nb5 Ne6 24. g3 Qe7 25. Bc3 Nd4 26. Nxd4 cxd4 27. Bd2 Rdb8 28. Rb1
Qd7 29. Qc1 Be7 30. Qe1 Qa7 31. Kg2 Qc5 32. Bc2 Bd7 33. Qe2 Qc8 34. Kg1 Bd8 35.
Qd3 Bb6 36. Rbe1 Bc5 37. Rf2 Bc6 38. Bd1 Qb7 39. Bc2 Re8 40. g4 Bb6 41. h4 Re6
42. Rh2 Rae8 43. Kg2 h5 44. g5 g6 45. Kf2 Rf8 46. Rh3 Bd8 47. Rg1 Kh7 48. Ke2
Bd7 49. Rhg3 Be8 50. Kd1 Qa7 51. Rf1 Qc5 52. Qe2 Qa3 53. Bc1 Qc5 54. Bd2 Kg8
55. Qg2 Re7 56. Qe2 Rb7 57. Qd3 Bd7 58. Rfg1 Bc7 59. Ke2 Qa3 60. Rb1 Rfb8 61.
Rgg1 Bd8 62. Ra1 Qc5 63. Raf1 Be6 64. Rb1 Rc8 65. Rgf1 Be7 66. Rg1 Rbc7 67. Ke1
Qa7 68. Qf1 d5 69. exd5 Bxd5 70. Be4 Bxe4 71. fxe4 d3 72. Rg3 Qb7 73. Qxd3 Rd8
74. Qc2 Rcd7 75. Be3 Rd3 76. Qg2 Rxb3 77. Rxb3 Qxb3 78. Qe2 Qb1+ 79. Kf2 Rb8
80. Kf3 Rb3 81. Qd2 Qf1+ 82. Qf2 Rxe3+ 83. Kxe3 Bc5+ 0-1

[Event "CAN-op"]
[Site "Toronto CAN"]
[Date "2010.07.18"]
[Round "9"]
[White "Yoos, John"]
[Black "Pentala, Harikrishna"]
[Result "1-0"]
[WhiteElo "2461"]
[BlackElo "2678"]
[PlyCount "129"]
[EventDate "2010.07.10"]
[EventType "swiss"]
[EventRounds "9"]
[EventCountry "CAN"]

1. e4 c6 2. d4 d5 3. e5 Bf5 4. Nf3 e6 5. a3 Nd7 6. Nbd2 Bg6 7. Be2 Nh6 8. O-O
Be7 9. b3 O-O 10. Bb2 f6 11. c4 fxe5 12. dxe5 Nc5 13. Nd4 Qd7 14. N2f3 a6 15.
b4 Ne4 16. Qb3 Kh8 17. h3 Bd8 18. Rad1 Qe7 19. Rc1 Bc7 20. a4 Nf5 21. Nxf5 Rxf5
22. b5 Rxf3 23. Bxf3 Nd2 24. Qc3 Nxc4 25. bxc6 bxc6 26. Ba1 Bxe5 27. Qe1 Bf4
28. Rxc4 dxc4 29. Be4 Bd2 30. Qxd2 Bxe4 31. Re1 Bd5 32. Re3 Rf8 33. Rg3 Rf7 34.
Qa5 h6 35. Qxa6 Qc5 36. Kh2 Bxg2 37. Qc8+ Kh7 38. Qxe6 Qxf2 39. Qg6+ Kg8 40.
Rxg2 Qf4+ 41. Qg3 Qxg3+ 42. Rxg3 Ra7 43. Ra3 c5 44. a5 Kf7 45. Kg3 Ke6 46. Kf4
g6 47. Ke4 Kd6 48. Be5+ Kc6 49. a6 Kb5 50. Kd5 g5 51. Bb8 Ra8 52. a7 Kb4 53.
Ra6 c3 54. Rb6+ Ka3 55. Kc4 c2 56. Ra6+ Kb2 57. Be5+ Kc1 58. Ra1+ Kd2 59. Bc3+
Ke2 60. Bb2 Kf3 61. Kxc5 Kg2 62. Kb6 Kxh3 63. Rh1+ Kg2 64. Rxh6 g4 65. Rc6 1-0

[Event "CYCC U08"]
[Site "Windsor CAN"]
[Date "2010.07.06"]
[Round "1"]
[White "Boushy, Declan Paul"]
[Black "Doknjas, Joshua"]
[Result "0-1"]
[WhiteElo "901"]
[BlackElo "1204"]
[PlyCount "74"]
[EventDate "2010.07.06"]
[EventType "swiss"]
[EventRounds "7"]
[EventCountry "CAN"]

1. d4 d5 2. Nc3 Nf6 3. Nf3 e6 4. Bg5 c5 5. Bxf6 Qxf6 6. e3 Nc6 7. Be2 Bd6 8. h3
O-O 9. Qd2 a6 10. O-O b5 11. e4 cxd4 12. e5 dxc3 13. exf6 cxd2 14. Nxd2 gxf6
15. Bd3 e5 16. Rac1 e4 17. Be2 Nd4 18. Rfe1 Bf4 19. Rcd1 Nxc2 20. Rf1 e3 21.
fxe3 Bxe3+ 22. Kh1 Bg5 23. Nf3 Ne3 24. Nxg5 fxg5 25. Rf3 Nxd1 26. Bxd1 g4 27.
hxg4 Bxg4 28. Rd3 Bxd1 29. Rxd1 Rfd8 30. b4 d4 31. Rxd4 Rxd4 32. g4 Rxg4 33. a4
Rc8 34. a5 Rxb4 35. Kg2 Rb3 36. Kf2 Rc2+ 37. Ke1 Rb1# 0-1

[Event "CYCC U08"]
[Site "Windsor CAN"]
[Date "2010.07.06"]
[Round "1"]
[White "Mathews, Joshua"]
[Black "Ene, Nicholas"]
[Result "1-0"]
[WhiteElo "1094"]
[BlackElo "1312"]
[PlyCount "29"]
[EventDate "2010.07.06"]
[EventType "swiss"]
[EventRounds "7"]
[EventCountry "CAN"]

1. e4 e5 2. Nf3 d6 3. Nc3 c6 4. Be2 b6 5. O-O Bb7 6. d3 Nd7 7. Bg5 Be7 8. Be3
h6 9. d4 Bf6 10. Re1 Ne7 11. Bc4 Qc7 12. Bb3 Rf8 13. d5 c5 14. Nb5 Qd8 15.
Nxd6# 1-0

[Event "CYCC U08"]
[Site "Windsor CAN"]
[Date "2010.07.06"]
[Round "1"]
[White "Patel, Advait"]
[Black "Zhang, Zhehai"]
[Result "0-1"]
[WhiteElo "842"]
[BlackElo "1170"]
[PlyCount "108"]
[EventDate "2010.07.06"]
[EventType "swiss"]
[EventRounds "7"]
[EventCountry "CAN"]

1. e4 e5 2. Nf3 Nc6 3. Nc3 Nf6 4. Bb5 d6 5. Bxc6+ bxc6 6. O-O Be7 7. d3 O-O 8.
Bg5 Bg4 9. a4 h6 10. Bxf6 Bxf6 11. a5 Bh4 12. a6 d5 13. exd5 cxd5 14. Nxd5 Qxd5
15. h3 Bh5 16. g4 Bxg4 17. hxg4 Bf6 18. c4 Qc6 19. Ra5 Qb6 20. Qe1 Qxb2 21.
Nxe5 Rfe8 22. f4 Re7 23. Rf2 Qd4 24. Rd5 Qb6 25. Rd7 Rae8 26. Rxe7 Rxe7 27. Kf1
Qd4 28. Re2 Bxe5 29. Rxe5 Rxe5 30. Qxe5 Qxd3+ 31. Kg1 Qxc4 32. Qa5 Qxf4 33. Qc5
Qxg4+ 34. Kf2 Qf4+ 35. Ke2 Qe4+ 36. Kd2 Qa8 37. Qxc7 Qd5+ 38. Kc1 Qd4 39. Qc8+
Kh7 40. Qf5+ g6 41. Qxf7+ Qg7 42. Qxg7+ Kxg7 43. Kc2 h5 44. Kc3 h4 45. Kc4 h3
46. Kc5 h2 47. Kc6 h1=Q+ 48. Kc7 Qf1 49. Kb7 Qf2 50. Ka8 g5 51. Kb7 g4 52. Ka8
g3 53. Kb7 g2 54. Kc6 g1=Q 0-1

[Event "CYCC U08"]
[Site "Windsor CAN"]
[Date "2010.07.06"]
[Round "1"]
[White "Talukdar, Rohan"]
[Black "Tolentino, Patrick"]
[Result "1-0"]
[WhiteElo "1178"]
[BlackElo "729"]
[PlyCount "117"]
[EventDate "2010.07.06"]
[EventType "swiss"]
[EventRounds "7"]
[EventCountry "CAN"]

1. d4 Nf6 2. Nf3 Nc6 3. e3 e6 4. Nc3 Bb4 5. Bd2 O-O 6. g3 b6 7. Bg2 Bb7 8. O-O
Ne7 9. a3 Bd6 10. Nb5 Ba6 11. c4 Bxb5 12. cxb5 Ned5 13. e4 Nxe4 14. Re1 Nxd2
15. Qxd2 Ne7 16. Qd3 Ng6 17. h4 h6 18. Ne5 Rb8 19. Nxg6 fxg6 20. Qxg6 Qf6 21.
Qxf6 Rxf6 22. Red1 Rf5 23. a4 Rbf8 24. Rf1 Bb4 25. b3 e5 26. dxe5 Rxe5 27. Rac1
c5 28. bxc6 dxc6 29. Bxc6 a5 30. Rcd1 Rc5 31. Bb5 Kh8 32. Bc4 g5 33. hxg5 hxg5
34. Rd5 Rf7 35. Rd8+ Kg7 36. Bxf7 Kxf7 37. Rd7+ Ke6 38. Rfd1 Ke5 39. R7d6 Rc7
40. Rxb6 Rc3 41. Rb5+ Kf6 42. Re1 Rxg3+ 43. fxg3 Bxe1 44. Kg2 Kg6 45. Kf3 Kh5
46. g4+ Kh4 47. Rb7 Kh3 48. Rh7+ Bh4 49. Ra7 Be1 50. Re7 Bh4 51. Re5 Kh2 52.
Rxa5 Be1 53. Rb5 Bc3 54. a5 Kh3 55. a6 Bd4 56. Ra5 Ba7 57. Rd5 Bg1 58. Rd7 Bb6
59. Rh7# 1-0

[Event "CYCC U08"]
[Site "Windsor CAN"]
[Date "2010.07.06"]
[Round "1"]
[White "Yie, Kevin"]
[Black "Hu, Henry"]
[Result "1-0"]
[WhiteElo "1302"]
[BlackElo "1110"]
[PlyCount "115"]
[EventDate "2010.07.06"]
[EventType "swiss"]
[EventRounds "7"]
[EventCountry "CAN"]

1. e4 e5 2. Nf3 Nc6 3. Bc4 Bc5 4. c3 Nf6 5. d3 O-O 6. O-O b6 7. Nbd2 Bb7 8. h3
d5 9. Bb3 dxe4 10. dxe4 Ba6 11. Re1 Bd3 12. Bc2 Bb5 13. b4 Be7 14. c4 Ba4 15.
Bxa4 Nxb4 16. Nxe5 Bd6 17. Nc6 Nxc6 18. Bxc6 Bh2+ 19. Kxh2 Qd6+ 20. e5 Qxc6 21.
exf6 Qxf6 22. Ba3 Rfd8 23. Qf3 Qg6 24. Qe2 h6 25. Rac1 Qc6 26. Bb2 Re8 27. Qg4
Qd6+ 28. Kh1 Rxe1+ 29. Rxe1 f6 30. Qe6+ Qxe6 31. Rxe6 Rd8 32. Nf3 Rd1+ 33. Re1
Rd6 34. Nd4 c5 35. Nf3 Rd3 36. Kh2 Rd7 37. Re2 Rd3 38. Re7 Rd8 39. Rxa7 Rd6 40.
Ra6 Re6 41. Ba3 Rc6 42. Bc1 Re6 43. Be3 Rc6 44. a4 f5 45. a5 Re6 46. axb6 Rxb6
47. Rxb6 Kh7 48. Bxc5 f4 49. Bd6 g5 50. c5 g4 51. hxg4 Kg6 52. c6 h5 53. c7
hxg4 54. c8=Q gxf3 55. Qc5 fxg2 56. Bxf4+ Kf7 57. Qc7+ Ke8 58. Rb8# 1-0

[Event "CYCC U08"]
[Site "Windsor CAN"]
[Date "2010.07.06"]
[Round "1"]
[White "Zhao, Yue Tong (Davy)"]
[Black "Pulfer, Luke"]
[Result "1-0"]
[WhiteElo "1228"]
[BlackElo "948"]
[PlyCount "51"]
[EventDate "2010.07.06"]
[EventType "swiss"]
[EventRounds "7"]
[EventCountry "CAN"]

1. e4 d6 2. d4 e6 3. Nc3 Bd7 4. Nf3 c5 5. dxc5 dxc5 6. Bb5 Nf6 7. Bg5 Be7 8.
Bc4 O-O 9. O-O Nc6 10. Re1 Qc7 11. e5 Nxe5 12. Nxe5 Rad8 13. Bd3 Rfe8 14. Re3
h6 15. Bxf6 Bxf6 16. Ng4 Bg5 17. Re1 Bc6 18. Ne5 Bf6 19. Nxc6 Qxc6 20. Qe2 Bxc3
21. bxc3 a6 22. Rad1 Qb6 23. Rb1 Qc6 24. Be4 Qd6 25. Rxb7 Qe5 26. Bh7+ 1-0

[Event "CYCC U08"]
[Site "Windsor CAN"]
[Date "2010.07.06"]
[Round "1"]
[White "Zhong, Xiao Xuan"]
[Black "Su, Michael"]
[Result "0-1"]
[WhiteElo "1214"]
[BlackElo "1254"]
[PlyCount "66"]
[EventDate "2010.07.06"]
[EventType "swiss"]
[EventRounds "7"]
[EventCountry "CAN"]

1. e4 e5 2. Nf3 Nc6 3. Bc4 Bc5 4. O-O Nf6 5. d4 exd4 6. e5 Ng8 7. c3 dxc3 8.
Nxc3 Nge7 9. Bxf7+ Kxf7 10. Ng5+ Ke8 11. Qh5+ g6 12. Qh4 Nf5 13. Qh3 h5 14. Nd5
Be7 15. Nf3 Nb4 16. Nf4 d5 17. e6 Rg8 18. Nxg6 Rxg6 19. Qxf5 Rxe6 20. Qxh5+ Kd7
21. Ne5+ Rxe5 22. Qxe5 Bd6 23. Qg7+ Kc6 24. Bg5 Qe8 25. Rac1+ Kb6 26. Be3+ Ka6
27. a3 Nd3 28. Rcd1 Bf5 29. Qd4 c5 30. Qxd5 Bxh2+ 31. Kxh2 Qh5+ 32. Kg1 Rh8 33.
g3 Qh2# 0-1

[Event "CYCC U08"]
[Site "Windsor CAN"]
[Date "2010.07.06"]
[Round "2"]
[White "Boushy, Declan Paul"]
[Black "Zhao, Yue Tong (Davy)"]
[Result "0-1"]
[WhiteElo "901"]
[BlackElo "1228"]
[PlyCount "30"]
[EventDate "2010.07.06"]
[EventType "swiss"]
[EventRounds "7"]
[EventCountry "CAN"]

1. d4 Nf6 2. Nc3 d5 3. Bf4 Nc6 4. Nf3 Bg4 5. e3 e6 6. Be2 Bb4 7. Qd2 Ne4 8. Qd3
Bf5 9. Qb5 Nxc3 10. bxc3 Bxc3+ 11. Kf1 Bxa1 12. Qxb7 O-O 13. Bxc7 Qc8 14. Ba6
Qd7 15. Bb5 Rfb8 0-1

[Event "CYCC U08"]
[Site "Windsor CAN"]
[Date "2010.07.06"]
[Round "2"]
[White "Doknjas, Joshua"]
[Black "Bacic, Joyce"]
[Result "1-0"]
[WhiteElo "1204"]
[BlackElo "552"]
[PlyCount "41"]
[EventDate "2010.07.06"]
[EventType "swiss"]
[EventRounds "7"]
[EventCountry "CAN"]

1. e4 Nc6 2. f4 d6 3. d3 h6 4. Nf3 h5 5. Nc3 d5 6. Nxd5 e6 7. Nc3 e5 8. Nxe5
Nxe5 9. fxe5 Bg4 10. Be2 Be6 11. Be3 g5 12. Qd2 Bc5 13. Bxc5 b6 14. Be3 c5 15.
Bxg5 f6 16. exf6 Nxf6 17. e5 Rg8 18. Bxf6 Qb8 19. Bxh5+ Kf8 20. Qh6+ Rg7 21.
Qxg7# 1-0

[Event "CYCC U08"]
[Site "Windsor CAN"]
[Date "2010.07.06"]
[Round "2"]
[White "Ene, Nicholas"]
[Black "Zhong, Xiao Xuan"]
[Result "1-0"]
[WhiteElo "1312"]
[BlackElo "1214"]
[PlyCount "49"]
[EventDate "2010.07.06"]
[EventType "swiss"]
[EventRounds "7"]
[EventCountry "CAN"]

1. e4 e5 2. Nf3 f5 3. exf5 d6 4. Nc3 Bxf5 5. a3 a5 6. h3 Nf6 7. d3 Nc6 8. g3 d5
9. Bd2 Bc5 10. Bg2 O-O 11. O-O Qd7 12. Kh2 Nh5 13. g4 Bg6 14. gxh5 Bxh5 15. Qe2
Rf6 16. Bg5 Rg6 17. Bd2 Rf8 18. Rg1 Bxf3 19. Bxf3 Rgf6 20. Rg3 Nd4 21. Bxd5+
Kh8 22. Qg4 Rxf2+ 23. Kh1 Rxd2 24. Qxd7 Nxc2 25. Qxg7# 1-0

[Event "CYCC U08"]
[Site "Windsor CAN"]
[Date "2010.07.06"]
[Round "2"]
[White "Hu, Henry"]
[Black "Pulfer, Luke"]
[Result "1-0"]
[WhiteElo "1110"]
[BlackElo "948"]
[PlyCount "103"]
[EventDate "2010.07.06"]
[EventType "swiss"]
[EventRounds "7"]
[EventCountry "CAN"]

1. e4 d6 2. Nf3 e5 3. Nc3 Nf6 4. Bc4 h6 5. Nd5 Nxd5 6. Bxd5 c6 7. Bb3 Bg4 8. h3
Bxf3 9. Qxf3 Qe7 10. c3 Nd7 11. d3 Nf6 12. O-O Qd7 13. Be3 Be7 14. Rfd1 O-O 15.
d4 exd4 16. cxd4 Nh7 17. e5 dxe5 18. dxe5 Qc7 19. e6 fxe6 20. Bxe6+ Kh8 21. Rd7
Qxd7 22. Bxd7 Rxf3 23. gxf3 Nf6 24. Bf5 Rd8 25. Bxa7 Rd5 26. Bc8 Ra5 27. Be3 b5
28. Bd2 Ra8 29. Bb7 Rd8 30. Ba5 Rd6 31. Rc1 Rd3 32. Bxc6 b4 33. Kg2 Kh7 34. Ba4
g6 35. Rc7 Ng8 36. Rb7 Rd4 37. Bb3 Kg7 38. Bxg8 Kxg8 39. Rxe7 Kf8 40. Rb7 g5
41. Bxb4+ Kg8 42. a4 h5 43. a5 Rd8 44. a6 Ra8 45. a7 Rxa7 46. Rxa7 Kh8 47. Bc3+
Kg8 48. b4 Kf8 49. b5 Ke8 50. b6 Kd8 51. b7 Kc7 52. Be5+ 1-0

[Event "CYCC U08"]
[Site "Windsor CAN"]
[Date "2010.07.06"]
[Round "2"]
[White "Patel, Advait"]
[Black "Mathews, Joshua"]
[Result "0-1"]
[WhiteElo "842"]
[BlackElo "1094"]
[PlyCount "88"]
[EventDate "2010.07.06"]
[EventType "swiss"]
[EventRounds "7"]
[EventCountry "CAN"]

1. e4 e5 2. d4 Nc6 3. Nf3 d6 4. d5 Nce7 5. Nc3 Nf6 6. Bc4 Bg4 7. h3 Bh5 8. g4
Bg6 9. Qd3 c6 10. dxc6 Nxc6 11. Bb5 a6 12. Bxc6+ bxc6 13. g5 Nd7 14. h4 Nc5 15.
Qe3 h5 16. b4 Nd7 17. a4 Be7 18. Bb2 O-O 19. b5 axb5 20. axb5 cxb5 21. Rxa8
Qxa8 22. Nd5 Bd8 23. Qd3 Qa5+ 24. Nd2 Nc5 25. Qc3 Qxc3 26. Bxc3 Nxe4 27. Nxe4
Bxe4 28. Nf6+ gxf6 29. Rf1 fxg5 30. hxg5 Bxc2 31. Bb4 Be7 32. Rh1 Bg6 33. f3
Rc8 34. Rg1 Rc1+ 35. Kf2 Rxg1 36. Kxg1 Kf8 37. Kf2 d5 38. Bxe7+ Kxe7 39. Ke2 b4
40. Kd2 h4 41. Kc1 h3 42. Kb2 h2 43. Kb3 h1=Q 44. Kxb4 Qe1+ 0-1

[Event "CYCC U08"]
[Site "Windsor CAN"]
[Date "2010.07.06"]
[Round "2"]
[White "Su, Michael"]
[Black "Talukdar, Rohan"]
[Result "1-0"]
[WhiteElo "1254"]
[BlackElo "1178"]
[PlyCount "75"]
[EventDate "2010.07.06"]
[EventType "swiss"]
[EventRounds "7"]
[EventCountry "CAN"]

1. e4 e5 2. Nf3 Nc6 3. d4 d6 4. Bb5 Bd7 5. d5 Nce7 6. Bxd7+ Qxd7 7. Nc3 Nf6 8.
Bg5 h6 9. Be3 b6 10. Qd3 Ng4 11. Bd2 Ng6 12. h3 Nf6 13. Qc4 b5 14. Nxb5 Kd8 15.
Ba5 Ne8 16. O-O a6 17. Na3 Rb8 18. Rab1 Rc8 19. Qxa6 Be7 20. Nb5 h5 21. Na7 Ra8
22. Nc6+ Qxc6 23. Qxc6 Rxa5 24. Rfd1 Rc5 25. Qa8+ Kd7 26. Qa4+ Kd8 27. Rd3 Kc8
28. Rc1 Nf4 29. Re3 g5 30. Qa6+ Kd7 31. b4 Rc3 32. Rxc3 Ne2+ 33. Qxe2 h4 34.
Qb5+ Kd8 35. Ra3 c5 36. dxc6 Kc7 37. Qb7+ Kd8 38. Qd7# 1-0

[Event "CYCC U08"]
[Site "Windsor CAN"]
[Date "2010.07.06"]
[Round "2"]
[White "Zhang, Zhehai"]
[Black "Yie, Kevin"]
[Result "0-1"]
[WhiteElo "1178"]
[BlackElo "1302"]
[PlyCount "72"]
[EventDate "2010.07.06"]
[EventType "swiss"]
[EventRounds "7"]
[EventCountry "CAN"]

1. e4 e5 2. Nf3 Nc6 3. Bc4 Nf6 4. Ng5 d5 5. exd5 Na5 6. Be2 Nxd5 7. Nf3 Nc6 8.
O-O e4 9. Ne1 Bd6 10. d3 exd3 11. cxd3 O-O 12. Nf3 Re8 13. Re1 Bf5 14. d4 Ndb4
15. d5 Ne7 16. Nc3 Nc2 17. Bd3 Bxd3 18. Qxd3 Nxe1 19. Nxe1 Nxd5 20. Nf3 Nb6 21.
Be3 Bxh2+ 22. Nxh2 Qxd3 23. Rd1 Qc2 24. Rd2 Qg6 25. Nb5 Nc4 26. Re2 Nxe3 27.
fxe3 Qa6 28. Nxc7 Qxe2 29. Nxe8 Qxe3+ 30. Kf1 Rxe8 31. Nf3 g5 32. b4 g4 33. b5
gxf3 34. gxf3 Qxf3+ 35. Kg1 Re1+ 36. Kh2 Rh1# 0-1

[Event "CYCC U08"]
[Site "Windsor CAN"]
[Date "2010.07.07"]
[Round "3"]
[White "Bacic, Joyce"]
[Black "Zhong, Xiao Xuan"]
[Result "0-1"]
[WhiteElo "552"]
[BlackElo "1214"]
[PlyCount "116"]
[EventDate "2010.07.06"]
[EventType "swiss"]
[EventRounds "7"]
[EventCountry "CAN"]

1. d4 d5 2. e3 Nc6 3. Bb5 a6 4. Bd3 Nf6 5. Bd2 Bg4 6. f3 Bh5 7. g4 Bg6 8. g5
Nd7 9. e4 dxe4 10. fxe4 Nxd4 11. c3 Nc6 12. Na3 Nc5 13. Be2 Bxe4 14. Bf3 Bxf3
15. Nxf3 e6 16. Be3 Qxd1+ 17. Rxd1 Bd6 18. Rxd6 cxd6 19. g6 fxg6 20. Ng5 O-O-O
21. Nf7 Nd3+ 22. Ke2 Nxb2 23. Nxh8 Rxh8 24. Bc1 Na4 25. c4 Kd7 26. c5 Nxc5 27.
Bb2 Rf8 28. Bxg7 Rf4 29. Rf1 Re4+ 30. Kf2 Ra4 31. Nc2 Rxa2 32. Rc1 Nd3+ 33. Ke2
Nxc1+ 34. Kd2 Nb4 35. Kxc1 Rxc2+ 36. Kd1 Rxh2 37. Bc3 Rh4 38. Be1 Rg4 39. Ke2
Re4+ 40. Kd1 Nd3 41. Ba5 Re1+ 42. Bxe1 Nxe1 43. Kxe1 h5 44. Kf1 Ke7 45. Kf2 Kf6
46. Kg3 Kg5 47. Kh3 a5 48. Kg2 a4 49. Kf2 a3 50. Ke2 a2 51. Ke3 a1=R 52. Kf3
Ra4 53. Kf2 Ra3 54. Kf1 Ra2 55. Ke1 Kf4 56. Kf1 Ke3 57. Kg1 Kf3 58. Kf1 Ra1#
0-1

[Event "CYCC U08"]
[Site "Windsor CAN"]
[Date "2010.07.07"]
[Round "3"]
[White "Ene, Nicholas"]
[Black "Doknjas, Joshua"]
[Result "0-1"]
[WhiteElo "1312"]
[BlackElo "1204"]
[PlyCount "46"]
[EventDate "2010.07.06"]
[EventType "swiss"]
[EventRounds "7"]
[EventCountry "CAN"]

1. e4 c5 2. Nf3 d6 3. d3 Nc6 4. c3 e6 5. g3 Nge7 6. Ng5 g6 7. Qf3 f5 8. exf5
exf5 9. Bg2 h6 10. Nh3 Bd7 11. Qe2 Qc7 12. O-O O-O-O 13. Bd2 g5 14. Kh1 Ng6 15.
a3 Re8 16. Qd1 Nge5 17. Qc2 Kb8 18. b4 Qc8 19. Ra2 f4 20. Ng1 fxg3 21. fxg3 Bf5
22. Rd1 Nxd3 23. b5 Nf2# 0-1

[Event "CYCC U08"]
[Site "Windsor CAN"]
[Date "2010.07.07"]
[Round "3"]
[White "Mathews, Joshua"]
[Black "Su, Michael"]
[Result "0-1"]
[WhiteElo "1094"]
[BlackElo "1254"]
[PlyCount "60"]
[EventDate "2010.07.06"]
[EventType "swiss"]
[EventRounds "7"]
[EventCountry "CAN"]

1. e4 e6 2. d4 d5 3. e5 c5 4. c3 Nc6 5. Nf3 Qb6 6. Nbd2 cxd4 7. Nxd4 Nxd4 8.
cxd4 Qxd4 9. Bb5+ Bd7 10. Qe2 a6 11. Bxd7+ Kxd7 12. O-O Be7 13. Nb3 Qb4 14. Qf3
f6 15. exf6 Nxf6 16. Bd2 Qb5 17. Qg3 Rhg8 18. Rfc1 Bd6 19. Bf4 Ne4 20. Qg4 Nf6
21. Qg3 Nh5 22. Rc5 Bxc5 23. Nxc5+ Qxc5 24. Qg5 Nxf4 25. Qxf4 Rgf8 26. Qg3 Rac8
27. Qxg7+ Ke8 28. Qe5 Qxf2+ 29. Kh1 Qf1+ 30. Rxf1 Rxf1# 0-1

[Event "CYCC U08"]
[Site "Windsor CAN"]
[Date "2010.07.07"]
[Round "3"]
[White "Pulfer, Luke"]
[Black "Patel, Advait"]
[Result "1-0"]
[WhiteElo "948"]
[BlackElo "842"]
[PlyCount "53"]
[EventDate "2010.07.06"]
[EventType "swiss"]
[EventRounds "7"]
[EventCountry "CAN"]

1. d4 d5 2. c4 Nf6 3. Nc3 c6 4. e3 dxc4 5. Bxc4 Bf5 6. Nf3 b5 7. Bb3 e6 8. a3
b4 9. axb4 Bxb4 10. Bd2 Ne4 11. Nxe4 Bxe4 12. Bxb4 Qb6 13. Bc5 Qa5+ 14. Rxa5
Nd7 15. O-O Nxc5 16. dxc5 O-O 17. Ne5 Rad8 18. Qe2 f6 19. Bxe6+ Kh8 20. Nf7+
Rxf7 21. Bxf7 Bd3 22. Qd2 h6 23. Bg6 Kg8 24. Bxd3 Rxd3 25. Qxd3 g5 26. Rxa7 f5
27. Qd8# 1-0

[Event "CYCC U08"]
[Site "Windsor CAN"]
[Date "2010.07.07"]
[Round "3"]
[White "Talukdar, Rohan"]
[Black "Hu, Henry"]
[Result "0-1"]
[WhiteElo "1178"]
[BlackElo "1110"]
[PlyCount "110"]
[EventDate "2010.07.06"]
[EventType "swiss"]
[EventRounds "7"]
[EventCountry "CAN"]

1. d4 d5 2. c4 e6 3. e3 Nf6 4. Nf3 Bb4+ 5. Bd2 Bxd2+ 6. Nbxd2 O-O 7. Be2 Nc6 8.
O-O Re8 9. cxd5 Nxd5 10. Bb5 Nde7 11. Ne5 Bd7 12. Nxd7 Qxd7 13. Nf3 a6 14. Bxc6
Nxc6 15. Re1 Rad8 16. g3 e5 17. dxe5 Nxe5 18. Nxe5 Rxe5 19. Qxd7 Rxd7 20. Rad1
Red5 21. Rxd5 Rxd5 22. Rc1 c6 23. a4 h6 24. b4 Re5 25. Rb1 Kh7 26. Kf1 g5 27.
Rd1 Kg6 28. Rd7 b5 29. axb5 axb5 30. Rd6+ Re6 31. Rd1 Re4 32. Rb1 Re5 33. Ke2
Re4 34. Kf1 Rc4 35. Ke2 c5 36. bxc5 Rxc5 37. Kd3 Kf6 38. Kd4 Re5 39. f4 gxf4
40. exf4 Rf5 41. Ke4 Ke6 42. g4 Rd5 43. f5+ Kd6 44. h4 f6 45. Rb4 Re5+ 46. Kd4
Rd5+ 47. Kc3 Kc5 48. h5 Re5 49. Rf4 Re3+ 50. Kb2 b4 51. Rf1 b3 52. Ra1 Kc4 53.
Ra3 Re2+ 54. Kb1 Kc3 55. Ka1 Re1# 0-1

[Event "CYCC U08"]
[Site "Windsor CAN"]
[Date "2010.07.07"]
[Round "3"]
[White "Tolentino, Patrick"]
[Black "Zhang, Zhehai"]
[Result "1-0"]
[WhiteElo "729"]
[BlackElo "1170"]
[PlyCount "95"]
[EventDate "2010.07.06"]
[EventType "swiss"]
[EventRounds "7"]
[EventCountry "CAN"]

1. e4 e5 2. d4 f6 3. dxe5 fxe5 4. Qh5+ g6 5. Qxe5+ Ne7 6. Qxh8 Nec6 7. Bh6 Qe7
8. Qxf8+ Qxf8 9. Bxf8 Kxf8 10. Nc3 Nd4 11. O-O-O c5 12. Nd5 Nbc6 13. Bc4 d6 14.
Ne2 Bg4 15. f3 Nxe2+ 16. Bxe2 Bd7 17. Nc7 Rc8 18. Nd5 Be6 19. Nf4 Nd4 20. Nxe6+
Nxe6 21. Rxd6 Nd4 22. Bc4 b5 23. Bd5 Ne2+ 24. Kd2 Nf4 25. g3 Nxd5 26. exd5 Ke7
27. Re6+ Kf7 28. g4 Rd8 29. Re5 a5 30. Rhe1 c4 31. g5 b4 32. Re7+ Kg8 33. d6
Rxd6+ 34. Kc1 Rd8 35. Re8+ Rxe8 36. Rxe8+ Kg7 37. Rc8 c3 38. bxc3 bxc3 39. Rxc3
Kf7 40. Rd3 Ke6 41. c4 Kf5 42. c5 Kxg5 43. c6 Kh4 44. c7 Kh3 45. c8=Q+ Kxh2 46.
f4 Kg2 47. Qc2+ Kf1 48. Rd1# 1-0

[Event "CYCC U08"]
[Site "Windsor CAN"]
[Date "2010.07.07"]
[Round "3"]
[White "Yie, Kevin"]
[Black "Zhao, Yue Tong (Davy)"]
[Result "0-1"]
[WhiteElo "1302"]
[BlackElo "1228"]
[PlyCount "46"]
[EventDate "2010.07.06"]
[EventType "swiss"]
[EventRounds "7"]
[EventCountry "CAN"]

1. e4 c5 2. Nf3 Nc6 3. d4 cxd4 4. Nxd4 e5 5. Nb3 Nf6 6. Nc3 Bb4 7. f3 d5 8. Bd3
dxe4 9. fxe4 Bg4 10. Qd2 O-O 11. a3 Bxc3 12. Qxc3 Nxe4 13. Qc4 Qh4+ 14. g3 Nxg3
15. Rg1 Qxh2 16. Be3 e4 17. Bf1 Nxf1 18. Qxf1 f5 19. Rh1 Qxc2 20. Nd2 f4 21.
Bg1 e3 22. Nc4 Rad8 23. Nxe3 Qd2# 0-1

[Event "CYCC U08"]
[Site "Windsor CAN"]
[Date "2010.07.07"]
[Round "4"]
[White "Hu, Henry"]
[Black "Ene, Nicholas"]
[Result "0-1"]
[WhiteElo "1110"]
[BlackElo "1312"]
[PlyCount "101"]
[EventDate "2010.07.06"]
[EventType "swiss"]
[EventRounds "7"]
[EventCountry "CAN"]

1. e4 e5 2. Nf3 d6 3. Nc3 c6 4. d3 h6 5. Be2 Nf6 6. O-O Qc7 7. d4 Be7 8. dxe5
dxe5 9. Be3 Qd6 10. Qd2 Qxd2 11. Bxd2 Bd6 12. Rad1 Bc7 13. Be3 Bd7 14. Rd2 Be6
15. a3 Nbd7 16. Na4 O-O 17. Nc5 Nxc5 18. Bxc5 Rfd8 19. Rfd1 b6 20. Be7 Re8 21.
Bd6 Bxd6 22. Rxd6 Nxe4 23. Rxc6 f6 24. Bb5 a6 25. Bd3 Nc5 26. Rxb6 e4 27. b4
Nxd3 28. cxd3 exf3 29. Re1 Bf7 30. Rd1 fxg2 31. d4 a5 32. d5 axb4 33. Rxb4 Rxa3
34. d6 Rb3 35. Rbd4 Rd8 36. d7 Rb7 37. Kxg2 Be6 38. Re1 Bxd7 39. Re7 Kf8 40.
Re3 Bc6+ 41. Rde4 Bxe4+ 42. Rxe4 f5 43. Rf4 g6 44. Rh4 h5 45. Rc4 Kg7 46. h3
Rd2 47. Kg3 Rb3+ 48. f3 Rdd3 49. Rc7+ Kh6 50. Kf2 Rxf3+ 51. Kg2 0-1